Top 50 Biggest Cities In The World 2012 - Statistics

General Stats
  • This quiz has been taken 673 times
    648 since last reset
  • The average score is 35 of 50
Answer Stats
Rank Country City % Correct
1 Japan Tokyo
99%
4 USA New York City
98%
3 Mexico Mexico City
97%
2 South Korea Seoul
95%
18 UK London
94%
12 USA Los Angeles
94%
14 Russia Moscow
93%
24 France Paris
92%
22 Brazil Rio de Janeiro
91%
15 Egypt Cairo
90%
19 China Beijing
89%
6 Indonesia Jakarta
89%
25 Turkey Istanbul
88%
10 China Shanghai
88%
5 India Mumbai
87%
7 Brazil Sao Paulo
87%
28 Thailand Bangkok
86%
29 USA Chicago
86%
8 India Delhi
85%
26 Peru Lima
85%
17 Argentina Buenos Aires
84%
11 Philippines Manila
84%
49 Canada Toronto
82%
30 Colombia Bogota
80%
27 Iran Tehran
79%
9 Japan Osaka
78%
16 Nigeria Lagos
76%
33 Vietnam Ho Chi Minh City
75%
46 Iraq Baghdad
72%
21 Bangladesh Dhaka
72%
20 Pakistan Karachi
69%
35 China Hong Kong
68%
44 Russia St Petersburg
66%
43 China Guangzhou
64%
48 USA Houston
64%
45 Democratic Republic of the Congo Kinshasa
62%
36 Pakistan Lahore
59%
39 India Bangalore
57%
32 India Chennai
57%
42 Chile Santiago
56%
31 India Hyderabad
51%
23 China Tianjin
46%
13 India Calcutta
45%
41 China Chengdu
41%
50 Myanmar (Burma) Yangon
40%
34 China Hangzhou
25%
40 China Harbin
24%
37 China Shenyang
23%
47 China Jinan
8%
38 China Changchun
6%
No matching quizzes found
Score Distribution
Percent of People with Each Score
Percentile by Number Answered
Your Score History
You have not taken this quiz since the last reset